Tierra marinera

Enregistré dans:
Détails bibliographiques
Auteur principal: Lujan, Fernando
Format: Livre
Langue:Undetermined
Publié: San José, Costa Rica Editorial Costa Rica 1967
Sujets:
Tags: Ajouter un tag
Pas de tags, Soyez le premier à ajouter un tag!

MARC

LEADER 00000nam a2200000Ia 4500
008 170316s9999 xx 000 0 und d
040 |a cru BVZT 
090 |a 868 L-9t 
100 |a Lujan, Fernando 
245 |a Tierra marinera 
260 |a San José, Costa Rica 
260 |b Editorial Costa Rica 
260 |c 1967 
300 |a 104 páginas 
650 |a LITERATURA COSTARRICENSE 
650 |a POESÍA 
942 |c 15 D 
999 |c 11277  |d 11277